<?xml version="1.0" encoding="UTF-8"?>
<record
    xmlns:xsi="http://www.w3.org/2001/XMLSchema-instance"
    xsi:schemaLocation="http://www.loc.gov/MARC21/slim http://www.loc.gov/standards/marcxml/schema/MARC21slim.xsd"
    xmlns="http://www.loc.gov/MARC21/slim">

  <leader>01888nam a22002771a 4500</leader>
  <controlfield tag="003">AR-RoUNCS</controlfield>
  <controlfield tag="005">20260522144120.0</controlfield>
  <controlfield tag="007">ta</controlfield>
  <controlfield tag="008">080620s1981    ag     |r     00| 1 spa  </controlfield>
  <datafield tag="040" ind1=" " ind2=" ">
    <subfield code="a">AR-BaBN</subfield>
    <subfield code="b">spa</subfield>
    <subfield code="c">AR-RoUNCS</subfield>
  </datafield>
  <datafield tag="041" ind1=" " ind2=" ">
    <subfield code="a">spa</subfield>
  </datafield>
  <datafield tag="245" ind1="0" ind2="0">
    <subfield code="a">Gilgamesh, Chilam Balam y otros textos antiguos / </subfield>
    <subfield code="c">estudio preliminar Daniel Freidemberg.</subfield>
  </datafield>
  <datafield tag="260" ind1=" " ind2=" ">
    <subfield code="a">Buenos Aires :</subfield>
    <subfield code="b">Centro Editor de Am&#xE9;rica Latina,</subfield>
    <subfield code="c">c1981.</subfield>
  </datafield>
  <datafield tag="300" ind1=" " ind2=" ">
    <subfield code="a">106 p. ;</subfield>
    <subfield code="c">17 cm.</subfield>
  </datafield>
  <datafield tag="490" ind1="0" ind2=" ">
    <subfield code="a">Biblioteca B&#xE1;sica Universal ; </subfield>
    <subfield code="v">172</subfield>
  </datafield>
  <datafield tag="505" ind1="0" ind2=" ">
    <subfield code="a">Estudio preliminar -- Mesopotamia: Eleg&#xED;a por la destrucci&#xF3;n de S&#xFA;mer ; Epopeya de Gilgamesh ; Di&#xE1;logo del amo y el esclavo ; La escuela de los escribas -- Egipto: Himno a At&#xF3;n ; Canto del arpista ; Poes&#xED;as amatorias ; La historia de Sinuh&#xE9; ; El cuento del n&#xE1;ufrago ; Los dos hermanos ; La disputa de Verdad y Mentira -- Poes&#xED;a azteca -- El libro de los libros de Chilam Balam -- Popol Vuh -- Poes&#xED;a quechua.</subfield>
  </datafield>
  <datafield tag="520" ind1=" " ind2=" ">
    <subfield code="a">La selecci&#xF3;n re&#xFA;ne fragmentos del Poema de Gilgamesh &#x2014;la gran &#xE9;pica mesopot&#xE1;mica&#x2014;, pasajes del Libro de Chilam Balam, testimonio sagrado y prof&#xE9;tico de la tradici&#xF3;n maya, junto con otros textos de car&#xE1;cter m&#xED;tico, ritual o sapiencial provenientes del Egipto fara&#xF3;nico y de civilizaciones precolombinas.
El estudio preliminar de Daniel Freidemberg contextualiza estas obras como expresiones comunitarias, anteriores a la diferenciaci&#xF3;n moderna entre literatura, mito e historia. Analiza su transmisi&#xF3;n, su funci&#xF3;n religiosa y la persistencia de sus estructuras simb&#xF3;licas en la memoria cultural de Occidente y Am&#xE9;rica Latina.</subfield>
  </datafield>
  <datafield tag="655" ind1=" " ind2="7">
    <subfield code="a">Literatura antigua</subfield>
    <subfield code="2">embne</subfield>
  </datafield>
  <datafield tag="655" ind1=" " ind2="7">
    <subfield code="a">Mitos</subfield>
    <subfield code="2">embne</subfield>
  </datafield>
  <datafield tag="655" ind1=" " ind2="7">
    <subfield code="a">Poes&#xED;as</subfield>
    <subfield code="2">embne</subfield>
  </datafield>
  <datafield tag="700" ind1="1" ind2=" ">
    <subfield code="a">Freidemberg, Daniel,</subfield>
    <subfield code="d">1945-</subfield>
    <subfield code="e">prologuista</subfield>
  </datafield>
  <datafield tag="730" ind1="0" ind2="2">
    <subfield code="a">Chilam Balam</subfield>
  </datafield>
  <datafield tag="730" ind1="0" ind2="2">
    <subfield code="a">Gilgamesh</subfield>
    <subfield code="k">Selecciones</subfield>
  </datafield>
  <datafield tag="730" ind1="0" ind2="2">
    <subfield code="a">Popol Vuh</subfield>
    <subfield code="k">Selecciones</subfield>
  </datafield>
  <datafield tag="942" ind1=" " ind2=" ">
    <subfield code="2">udc</subfield>
    <subfield code="c">OG</subfield>
    <subfield code="n">0</subfield>
  </datafield>
  <datafield tag="999" ind1=" " ind2=" ">
    <subfield code="c">1030</subfield>
    <subfield code="d">1030</subfield>
  </datafield>
  <datafield tag="952" ind1=" " ind2=" ">
    <subfield code="0">0</subfield>
    <subfield code="1">0</subfield>
    <subfield code="2">udc</subfield>
    <subfield code="4">0</subfield>
    <subfield code="7">0</subfield>
    <subfield code="8">CG</subfield>
    <subfield code="a">ESOCIALES</subfield>
    <subfield code="b">ESOCIALES</subfield>
    <subfield code="d">2026-05-22</subfield>
    <subfield code="e">Donaci&#xF3;n</subfield>
    <subfield code="l">0</subfield>
    <subfield code="o">82-82 G473</subfield>
    <subfield code="p">000982</subfield>
    <subfield code="r">2026-05-22 14:35:42</subfield>
    <subfield code="w">2026-05-22</subfield>
    <subfield code="y">OG</subfield>
  </datafield>
</record>
